| 000 | 00727nam a22001817a 4500 | ||
|---|---|---|---|
| 005 | 20231012161030.0 | ||
| 010 | _aHIN-125988 | ||
| 020 |
_a9788179653364 _c350.00 |
||
| 035 | _aHN-98334 | ||
| 037 | _bDBAD/PUB | ||
| 082 | _a230 | ||
| 100 |
_aजोशी ,हीरा बल्लभ _957801 |
||
| 245 |
_aसनातन हिन्दू / _cहीरा बल्लभ जोशी |
||
| 260 |
_aनई दिल्ली, _bतक्षशिला प्रकाशन _c2021 |
||
| 270 |
_a98, ए, हिंदी पार्क दरियागंज _bनई दिल्ली _e110002 |
||
| 300 |
_a328 पृ. _c22 cm (अजिल्द) |
||
| 942 |
_2ddc _cHN _h230 _m जोशीही |
||
| 999 |
_c198163 _d198163 |
||